Report of the Unesco seminar on rural adult education for community action (Record no. 1359873)

MARC details
000 -LEADER
fixed length control field 00503nam a2200169Ia 4500
005 - DATE AND TIME OF LATEST TRANSACTION
control field 20250508155904.0
008 - FIXED-LENGTH DATA ELEMENTS--GENERAL INFORMATION
fixed length control field 008 250505s9999 xx 000 0 eng d
037 ## - SOURCE OF ACQUISITION
Stock number Books to be hide in OPAC
040 ## - CATALOGING SOURCE
Original cataloging agency FEDL
Language of cataloging eng
Transcribing agency FEDL
041 ## - LANGUAGE CODE
Language code of text/sound track or separate title eng
Source of code eng
084 ## - COLON CLASSIFICATION NUMBER
Classification number 374.954 87, MYS/O
Assigning agency FEDL
245 #0 - TITLE STATEMENT
Title Report of the Unesco seminar on rural adult education for community action
245 #0 - TITLE STATEMENT
Statement of responsibility, etc. Mysore
260 ## - PUBLICATION, DISTRIBUTION, ETC.
Date of publication, distribution, etc. 1949
942 ## - ADDED ENTRY ELEMENTS (KOHA)
Koha item type Books to be hide in OPAC
Classification part 374.954 87, MYS/O
Holdings
Withdrawn status Lost status Damaged status Not for loan Home library Current library Date acquired Total Checkouts Full call number Barcode Date last seen Price effective from Koha item type
        Department of Education Library Department of Education Library 2025-05-08   374.954 87, MYS/O EL0045623 2025-05-08 2025-05-08 Books to be hide in OPAC
Copyright @ Delhi University Library System